000 00647cam a22002293a 4500
001 3104
003 PGUSA
005 20140828083025.0
008 041010s2004||||xxu|||||s|||||000 1 eng d
040 _aPGUSA
_beng
042 _adc
050 4 _aPS
100 1 _aWarner, Charles Dudley,
_d1829-1900
245 1 4 _aThe Golden House
_h[electronic resource] /
_cCharles Dudley Warner
260 _bProject Gutenberg,
_c2004
506 _aPublic domain in the USA.
516 _aElectronic text
653 _aAmerican fiction -- 19th century
830 0 _aProject Gutenberg
_v3104
856 4 0 _uhttp://www.gutenberg.org/ebooks/3104
942 _cEB
999 _c232433
_d232433